000 00624nam a22001697a 4500
999 _c60743
_d60743
005 20231018155755.0
008 231018s1980 ru ||||| |||| 00| 0 rus d
041 _arus
080 _a7.01(37/38) Л-79
100 _aЛосев А. Ф.
_920107
245 _aИстория античной эстетики :
_bПоздний эллинизм /
_cА. Ф. Лосев.
264 _a М.
_bИскусство :
_c1980.
300 _a 765 стр. ;
_b22 см.
653 _aუძველესი ესთეტიკის ისტორია.
653 _a გვიანი ელინიზმი
942 _2udc
_cBK